|
|
|
|
| LEADER |
00000nam a2200000 a 4500 |
| 001 |
vtls001285088 |
| 003 |
SK-MaSNL |
| 005 |
20260331203342.0 |
| 008 |
160322s1997 xo rb 0 slo |
| 015 |
|
|
|a SNBA1997/1103180
|
| 020 |
|
|
|a 8096771477
|
| 035 |
|
|
|a SNK000236597
|
| 040 |
|
|
|a SNK
|b slo
|c SNK
|e AACR2
|
| 041 |
0 |
|
|a slo
|
| 044 |
|
|
|a xo
|c SK
|
| 080 |
|
|
|a 929 Žiaková, Jozefína
|2 1981
|
| 100 |
1 |
|
|a Bosák, Ľubomír
|4 zos
|9 10179
|
| 245 |
1 |
|
|a Životná púť Vrbovčanky Jozefíny Žiakovej
|c [autori: Ľubomír Bosák, Jozefína Žiaková]
|
| 260 |
|
|
|a Vrbové
|b Ľubomír Bosák
|c 1997
|
| 300 |
|
|
|a 19 s.
|c 21 cm
|
| 500 |
|
|
|a Fotogr. na tit. strane
|
| 500 |
|
|
|a Údaj o aut. prevzatý z rubu tit. strany
|
| 500 |
|
|
|a Nepredajné
|
| 521 |
|
|
|a Vyd. pri príležitosti 85. narodenín Jozefíny Žiakovej
|
| 600 |
1 |
|
|a Žiaková, Jozefína,
|d 1912-
|2 SNK
|9 47925
|
| 655 |
|
7 |
|a biografie
|2 SNK
|9 27965
|
| 700 |
1 |
|
|a Žiaková, Jozefína,
|d 1912-
|4 aut
|9 47925
|
| 919 |
|
|
|a 80-967714-7-7
|
| 958 |
|
|
|a TL
|
| 958 |
|
|
|a BQ
|
| 958 |
|
|
|a BX
|
| 999 |
|
|
|c 628376
|d 630306
|
| 952 |
|
|
|t P60, <09>, [BOOK], {629}
|a SNK
|b SNK
|y NEVYP
|7 0
|o snkC 1600
|i snk3097/970630
|0 0
|1 0
|4 0
|d 1997-06-27
|l 0
|r 2005-01-02 00:00:00
|w 2026-02-23
|
| 952 |
|
|
|t P60, <03>, [BOOK], {603}
|a SNK
|b SNK
|y PREZ
|7 0
|p 17A0072268
|o snkOSC 19030
|i snkKSP 6728/97
|0 0
|1 0
|4 0
|d 1997-06-27
|l 0
|r 2005-01-02 00:00:00
|w 2026-02-23
|
| 952 |
|
|
|t P60, <04>, [BOOK], {604}
|a SNK
|b SNK
|y VYP
|7 0
|p 17A0072267
|o snkOSC 19030 D1
|i snkKSP 6729/97
|0 0
|1 0
|4 0
|d 1997-06-27
|l 0
|r 2005-01-02 00:00:00
|w 2026-02-23
|